Pepita Dupont, La Vérité sur Jacqueline et Pablo Picasso, Paris, Le Cherche-midi, coll. « Documents », 2007, 285 pages (notice n° 1605051)

détails MARC
000 -LEADER
fixed length control field 01883cam a2200181 4500500
005 - DATE AND TIME OF LATEST TRANSACTION
control field 20251228094925.0
041 ## - LANGUAGE CODE
Language code of text/sound track or separate title fre
042 ## - AUTHENTICATION CODE
Authentication code dc
100 10 - MAIN ENTRY--PERSONAL NAME
Personal name Le Moing, Monique
Relator term author
245 00 - TITLE STATEMENT
Title Pepita Dupont, La Vérité sur Jacqueline et Pablo Picasso, Paris, Le Cherche-midi, coll. « Documents », 2007, 285 pages
260 ## - PUBLICATION, DISTRIBUTION, ETC.
Date of publication, distribution, etc. 2010.<br/>
500 ## - GENERAL NOTE
General note 15
520 ## - SUMMARY, ETC.
Summary, etc. Appliquée à un événement historique singulier comme l’affaire Dreyfus (1894-1906), la dialectique du secret et de la transparence des sources est particulièrement démonstrative. Pour s’en convaincre, il est nécessaire de se porter vers les traces archivistiques, manuscrites et imprimées qui permettent d’écrire aujourd’hui l’histoire du capitaine Dreyfus, premier protagoniste de l’affaire qui porte son nom, placé au cœur de l’événement et de son histoire.
520 ## - SUMMARY, ETC.
Summary, etc. The dialectic of secrecy and transparency is particularly revealing when applied to the sources of such an historic event as the Dreyfus Affair (1894-1906). To understand why, we need to turn to the archives, both manuscript and printed, thanks to which we can now write the history of Captain Dreyfus, the main character at the centre of this historic case.
520 ## - SUMMARY, ETC.
Summary, etc. Quando aplicada a um acontecimento histórico singular como aconteceu com o caso Dreyfus (1894-1906), a dialéctica entre segredo e transparência das fontes torna-se particularmente elucidativa. Mas para tal, é necessário voltarmo-nos para os vestígios arquivísticos, manuscritos e impressos, que permitem escrever hoje a história do capitão Dreyfus, protagonista de um caso que coloca este nome e a sua história no centro de um singular acontecimento.
786 0# - DATA SOURCE ENTRY
Note Sigila | 25 | 1 | 2010-03-01 | p. 185a-187a | 1286-1715
856 41 - ELECTRONIC LOCATION AND ACCESS
Uniform Resource Identifier <a href="https://shs.cairn.info/revue-sigila-2010-1-page-185a?lang=fr&redirect-ssocas=7080">https://shs.cairn.info/revue-sigila-2010-1-page-185a?lang=fr&redirect-ssocas=7080</a>

Pas d'exemplaire disponible.

PLUDOC

PLUDOC est la plateforme unique et centralisée de gestion des bibliothèques physiques et numériques de Guinée administré par le CEDUST. Elle est la plus grande base de données de ressources documentaires pour les Étudiants, Enseignants chercheurs et Chercheurs de Guinée.

Adresse

627 919 101/664 919 101

25 boulevard du commerce
Kaloum, Conakry, Guinée

Réseaux sociaux

Powered by Netsen Group @ 2025